| 000 | 00462nam a2200169Ia 4500 | ||
|---|---|---|---|
| 003 | IN-BaIIA | ||
| 008 | 211028s9999 xx 000 0 eng d | ||
| 040 | _cIIA Library | ||
| 080 |
_a535.8 _bCON-1 |
||
| 100 |
_aConrady, A. E _93734 |
||
| 245 | 0 |
_aApplied optics and optical design _bpt. 1 _cA. E. Conrady |
|
| 260 |
_aNew York _bDover Publications _c1957 |
||
| 300 | _a518p. | ||
| 650 |
_a Optical design _97946 |
||
| 650 |
_aApplied optics _97947 |
||
| 942 | _cBK | ||
| 999 |
_c4523 _d4523 |
||